000 00825nam a2200229 4500
001 46839
003 BD-RJUL
005 20211209054219.0
008 160804s1962 enkabc 000 0 eng d
035 _aBD-RJUL 46958
040 _aBD-RjUL
_beng
_cBD-RjUL
041 _aeng
082 _223
_a340.95492
_bEAS 1962
100 1 _d1890-1978
_9137527
245 1 4 _aThe East Pakistan Code /
_cGovernment of east pakistan
260 _aLahore :
_bTom Stacey,
_c1962
300 _aV. :
_bill. ;
_c23 cm
505 0 _aVol. 1 (Bengal regulations 1793 to 1933) -- V. 3 (Bengal Acts 1890 to 1919)-- V. 4 (Bengal acts 1920 to 1930) -- V. 5 (Bengal acts1931 to 1938)-- V. 6 (Bengal Acts and Regulations, 1939 to 1947, up to 14-08-1947)--
650 _aLaw
_zBangladesh.
_9142695
942 _2ddc
_cBK
999 _c46839
_d46839